000 00697nam a2200229 a 4500
999 _c1738
_d1738
001 1738
003 BD-JhCC
005 20171023203333.0
008 171023s2004 bg a|||| ||a| 000 0 ben d
020 _a9844042283
035 _a(BD-JhCC) 1738
040 _aBD-JhCC
_dBD-JhCC
041 _aben
082 _a891.441092
_bDAS 2004
110 _4দাশ, নৃপেন্দ্রলাল
245 _aহাসনরাজা শব্দ নৈঃশব্দ /
_cনৃপেন্দ্রলাল দাশ
260 _aঢাকা :
_bঅনুপম প্রকাশনী ,
_c2004
300 _a147 p .:
_c22 cm.
650 _aBiography
942 _2ddc
_cBK